000 01297nam a22002777a 4500
003 OSt
005 20241119085450.0
007 cr ||||||a|c|a
008 230118s2021 mx a|||fom||| 001 0 spa d
040 _erda
100 1 _9185976
_aPatricio Chávez, María del Carmen
245 1 _aEstrategias productivas de las mujeres que hacen tortilla artesanal en San Francisco Uricho, Michoacán /
_cpor María del Carmen Patricio Chávez; director de tesis Joaquín Gerardo Morales Valderrama.
264 1 _aChapingo, México :
_bEl autor,
_c2021.
300 _a1 recurso en línea (189 páginas).
_bcuadros, figuras, fotografías.
336 _2rdacontent
_atexto
_btxt
337 _2rdamedia
_acomputadora
_bc
338 _2rdacarrier
_arecurso en línea
_bcr
502 _bMCDRR
_cCentros Regionales
_d2021.
_gMAE
504 _aIncluye referencias bibliográficas: páginas 137-145.
650 4 _9129056
_aTortillas de maíz
_xMercadeo
650 4 _9186079
_aTortillas de maíz
_xElaboración
_zMichoacán
650 4 _9131908
_aMujeres
_xDesarrollo económico
700 1 _aMorales Valderrama, Joaquín Gerardo
_eDirector de tesis.
_978436
856 _uhttp://10.13.5.2/tesis/tm/2021_CR_Patricio_Chavez_MariadelCarmen.pdf
_zDESCARGAR PDF
942 _2Clasificación Universidad Autónoma Chapingo
_cTD
999 _c218108
_d218108